000
00289nam a22001217a 4500
008
170508b xxu||||| |||| 00| 0 eng d
041
_a
eng
080
_2
3RD
_a
343
100
_a
15
101
_a
SHJ
245
_a
WARRANTS MANUAL FOR ARREST, SEARCH& SEIZURE
_c
BRIDGES ,T
942
_2
udc
_c
BK
999
_c
12913
_d
12913